| 000 | 00328nam a22001337a 4500 | ||
|---|---|---|---|
| 020 | _a0-340-89308-7 | ||
| 082 |
_a823 _bBLY/S |
||
| 100 | _aENID BLYTON | ||
| 245 | _aSECRET SEVEN ADVENTURE | ||
| 260 |
_aGREAT BRITAIN _bHODDER CHILDREN'S BOOK _c1950 |
||
| 300 | _a121 | ||
| 650 |
_aCHILDREN'S STORY BOOK _zUNITED KINGDOM |
||
| 942 | _cBK | ||
| 999 |
_c159 _d159 |
||